Visualizzazione normale
Vista MARC
- Weir Peter
di Personal Name
Records bibliografici associati: 1
001 - CONTROL NUMBER
- control field: 39438
003 - CONTROL NUMBER IDENTIFIER
- control field: IT-RoPau
005 - DATE AND TIME OF LATEST TRANSACTION
- control field: 20151126101604.0
008 - FIXED-LENGTH DATA ELEMENTS
- fixed length control field: 151126|| aca||aabn | a|a d
040 ## - CATALOGING SOURCE
- Original cataloging agency: IT-RoPau
- Transcribing agency: IT-RoPau
100 ## - HEADING--PERSONAL NAME
- Personal name: Weir Peter
- Miscellaneous information: Codice regista SPICS: 31122
670 ## - SOURCE DATA FOUND
- Source citation: Work cat.: (IT-RoPau)105095: Weir Peter Codice regista SPICS: 31122, TRUMAN SHOW (THE) TRUMAN SHOW (THE) (Rif. Codice opera principale : H6147)